Русско-испанский словарь: 57 000 слов

Dades bibliogràfiques
Autor principal: Ногейра Х. Хусто
Altres autors: Туровер Г. Я. Генрих Яковлевич
Idioma:espanyol
rus
Publicat: Москва, Русский язык, 1979
Edició:3-е изд., стереотип.
Matèries:
Format: MixedMaterials Llibre
KOHA link:https://koha.lib.tpu.ru/cgi-bin/koha/opac-detail.pl?biblionumber=23405

MARC

LEADER 00000nam0a2200000 4500
001 23405
005 20231030195523.0
035 |a (RuTPU)RU\TPU\book\23624 
035 |a BOOK00023697 
090 |a 23405 
100 |a 20011209d1979 m y0spay50 ba 
101 0 |a spa  |a rus 
102 |a RU 
105 |a a e 000zy 
200 1 |a Русско-испанский словарь  |e 57 000 слов  |f Х. Ногейра, Г. Я. Туровер 
205 |a 3-е изд., стереотип. 
210 |a Москва  |c Русский язык  |d 1979 
215 |a 975 с. 
327 0 |a С приложением морфологических таблиц русского языка и краткого очерка особенностей спряжения испанских глаголов. 
610 1 |a испанский язык 
610 1 |a словари 
610 1 |a лексика 
610 1 |a фразеология 
610 1 |a словосочетания 
686 |a Ш147.21-4  |v LBC/SL-A  |2 rubbk 
700 1 |a Ногейра  |b Х.  |g Хусто 
701 1 |a Туровер  |b Г. Я.  |g Генрих Яковлевич 
801 0 |a RU  |b 63413507  |c 20011209  |g PSBO 
801 2 |a RU  |b 63413507  |c 20081021  |g PSBO 
942 |c BK